000 01373nam a2200325 a 4500
001 ebr10194641
003 CaPaEBR
006 m u
007 cr cn|||||||||
008 050630s2005 ilua sb 001 0 eng
010 _z 2005018844
020 _z0838909019
040 _aCaPaEBR
_cCaPaEBR
035 _a(OCoLC)647667122
043 _an-us---
050 1 4 _aZ682.4.S34
_bD53 2005eb
082 0 4 _a027.8
_222
100 1 _aDickinson, Gail K.
245 1 0 _aAchieving national board certification for school library media specialists
_h[electronic resource] :
_ba study guide /
_cGail Dickinson.
260 _aChicago :
_bAmerican Library Association,
_c2005.
300 _axii, 179 p. :
_bill. .
504 _aIncludes bibliographical references and index.
533 _aElectronic reproduction.
_bPalo Alto, Calif. :
_cebrary,
_d2013.
_nAvailable via World Wide Web.
_nAccess may be limited to ebrary affiliated libraries.
650 0 _aSchool librarians
_xCertification
_xStandards
_zUnited States.
650 0 _aInstructional materials personnel
_xCertification
_xStandards
_zUnited States.
650 0 _aMedia programs (Education)
_zUnited States.
655 7 _aElectronic books.
_2local
710 2 _aebrary, Inc.
856 4 0 _uhttp://site.ebrary.com/lib/rucke/Doc?id=10194641
_zAn electronic book accessible through the World Wide Web; click to view
999 _c220421
_d220421